Statistiken für Spieler an Transfers erraten

Klicken Sie hier um das Quiz zu spielen!

Allgemein

  • Dieses Quiz wurde 1.108 mal gespielt
  • Das Durchschnittsergebnis liegt bei 6 aus 12

Antwortstatistiken

HintAntwort% Korrekt
VfB Stuttgart - RB Leipzig - Chelsea - RB LeipzigWerner
97%
Rennes - BVB - BarcaDembele
77%
AC Milan - Dijon -Lille - Saint Etienne - BVB - Arsenal - ChelseaAubameyang
67%
Basel - Schalke - Sevilla - Barca - SevillaRakitic
58%
Donezk - Bayern - Juve - Bayern - LA Galaxy - GremioCosta
57%
Lyon - Arsenal - LyonLacazette
55%
Brügge - BVB - Wolfsburg - Inter - Bayern - TottenhamPerisic
51%
Crystal Palace - Cardiff (Leihe) - Man U (Leihe) - Crystal PalaceZaha
38%
Gladbach - Bayern - Inter - Bayern - Metro StarsMatthäus
30%
Bastia -Lyon - Chelsea - Real Madrid - AC Milan - PanatinaikosEssien
9%
Palmeiras - Deportivo - Barca - Milan - zu Lang :)Rivaldo
7%
Leverkusen - LA Galaxy -Everton - Club Leon -SD SockresDonovan
5%

Verteilung der Resultate

Perzentil nach korrekt beantworteten Fragen

Anzahl Personen mit jedem Resultat

Ihre Resultats-Entwicklung

Sie haben dieses Quiz noch nicht gespielt